| 000 | 00479nam a2200169Ia 4500 | ||
|---|---|---|---|
| 008 | 090201s9999 xx 000 0 und d | ||
| 010 | _aKPL-35314 | ||
| 040 | _bमराठी | ||
| 041 | _aमराठी | ||
| 082 |
_a20243 _b35314 |
||
| 100 | _aशांता निसळ | ||
| 245 |
_aबंधन _cशांता निसळ |
||
| 260 |
_c2004 _bमृगया प्रकाशन |
||
| 300 |
_a173 _bमोठा |
||
| 600 | _aबंधन | ||
| 942 | _cBOOK | ||
| 999 |
_c220021 _d220021 |
||